000 00836nam0a22002531 4500
001 rc\506014
005 20250621112018.0
010 _a5-235-00078-1
_9100000
035 _a(NLR Aleph) 005746688
090 _a4796251
_c4796251
100 _a20030616d1988 |||y0rusy50 ca
101 0 _arus
102 _aRU
105 _aa |||||||||
200 1 _aПусть не падают звезды
_eДокум. повесть [о П. Вороне]
_fИван Кирий
_g[Пер. с укр. З.П. Большак
_gХудож. Л. Хайлов]
210 _aМ.
_cМол. гвардия
_d1988
215 _a93, [2] с.
_cил.
_d17
225 1 _aЮные герои
700 1 _aКирий
_bИ.И.
_gИван Иванович
801 0 _aRU
_bNLR
_gpsbo
801 1 _aRU
_bELAR
_2rusmarc
852 _aNLR
_j88-2/2614
942 _cBOOK
980 _aNB